Catálogo
 En Linea

Quod nihil scitur / (Registro nro. 42870)

Detalles MARC
000 -CABECERA
campo de control de longitud fija 00647nam a2200169 a 4500
001 - NÚMERO DE CONTROL
campo de control 000043381
005 - FECHA Y HORA DE LA ÚLTIMA TRANSACCIÓN
campo de control 20201002040849.0
008 - DATOS DE LONGITUD FIJA--INFORMACIÓN GENERAL
campo de control de longitud fija 140312s1984 sp 000 0 spa d
040 ## - FUENTE DE LA CATALOGACIÓN
Centro catalogador/agencia de origen DO-SdBNP
Lengua de catalogación spa
Centro/agencia transcriptor BNPHU
082 ## - NÚMERO DE LA CLASIFICACIÓN DECIMAL DEWEY
Número de clasificación xxx
Número de documento/Ítem xxx
100 1# - ENTRADA PRINCIPAL--NOMBRE DE PERSONA
Nombre de persona Sánchez, Francisco
9 (RLIN) 71039
245 10 - MENCIÓN DE TÍTULO
Título Quod nihil scitur /
Mención de responsabilidad, etc. Francisco Sánchez ; edición y traducción de S. Rabade, J. M. Artola y M. F. Pérez.
260 ## - PUBLICACIÓN, DISTRIBUCIÓN, ETC.
Lugar de publicación, distribución, etc. Madrid :
Nombre del editor, distribuidor, etc. Consejo Superior de Investigaciones Científicas,
-- Instituto de Filosofía "Luis Vives",
Fecha de publicación, distribución, etc. 1984.
300 ## - DESCRIPCIÓN FÍSICA
Extensión 261 p. ;
Dimensiones 24 cm.
700 12 - PUNTO DE ACCESO ADICIONAL--NOMBRE DE PERSONA
Nombre de persona Artola, José María
Término indicativo de función/relación ed
9 (RLIN) 71040
700 12 - PUNTO DE ACCESO ADICIONAL--NOMBRE DE PERSONA
Nombre de persona Pérez López, M. Francisco
Término indicativo de función/relación tr.
9 (RLIN) 71041
Existencias
Estado de retiro Estado de pérdida Restricciones de uso No para préstamo Código de colección Localización permanente Ubicación/localización actual Ubicación en estantería Fecha de adquisición Número de inventario Total de préstamos Signatura topográfica completa Código de barras Fecha visto por última vez Precio válido a partir de Tipo de ítem Koha
      Excluido de préstamo Monografías: Libros y Folletos General General En catalogación 12.03.2014 LF1   xxx xxx 43381-10 25.06.2020 25.06.2020 No se presta

Con tecnología Koha